Software Based Implementation of Super Resolution to Achieve Video Enhancement of (UAV) Downward Looking Camera (Record no. 326049)
[ view plain ]
| 000 -LEADER | |
|---|---|
| fixed length control field | 00449 a2200133 4500 |
| 001 - CONTROL NUMBER | |
| control field | 90976 |
| 082 ## - DEWEY DECIMAL CLASSIFICATION NUMBER | |
| Classification number | PR 1781 |
| 090 ## - LOCALLY ASSIGNED LC-TYPE CALL NUMBER (OCLC); LOCAL CALL NUMBER (RLIN) | |
| -- | 43115 |
| -- | 43115 |
| 100 ## - MAIN ENTRY--PERSONAL NAME | |
| Personal name | Javairia Farooq; Pof Tauseef ur Rehman and Salman Aslam (Advisors) |
| 245 ## - TITLE STATEMENT | |
| Title | Software Based Implementation of Super Resolution to Achieve Video Enhancement of (UAV) Downward Looking Camera |
| Number of part/section of a work | 76th 'B' EC |
| 260 ## - PUBLICATION, DISTRIBUTION, ETC. | |
| Place of publication, distribution, etc. | Rawalpindi |
| Name of publisher, distributor, etc. | NUST |
| Date of publication, distribution, etc. | 2014 |
| 300 ## - PHYSICAL DESCRIPTION | |
| Extent | 81p |
| 500 ## - GENERAL NOTE | |
| General note | BE Project Reports |
| 942 ## - ADDED ENTRY ELEMENTS (KOHA) | |
| Institution code [OBSOLETE] | CAE NUST |
| Call number prefix | PR 1781 |
| Withdrawn status | Lost status | Damaged status | Not for loan | Collection code | Permanent Location | Current Location | Date acquired | Total Checkouts | Full call number | Barcode | Date last seen | Price effective from | Koha item type |
|---|---|---|---|---|---|---|---|---|---|---|---|---|---|
| College of Aeronautical Engineering (CAE) | College of Aeronautical Engineering (CAE) | 04/03/2017 | PR 1781 | CAEPR-1781 | 04/05/2017 | 04/05/2017 | Book |
